000 00535nam a2200217Ia 4500
003 GCL
008 140319s9999 xx 000 0 eng d
040 _aGCL /
_cGCL
082 0 4 _a616.5
_bL A
100 1 _aLEVENE, G.M
245 1 0 _aA COLOUR ATLAS OF DERMATOLOGY /
_cLEVENE, G.M
700 1 _aCALNAN, C. D
260 _a[S.N] :
_bWOLFE MEDICAL PUBLICATION LTD ،
_c1993
300 _a368 P
650 0 4 _aDERMATOLOGY
650 0 4 _aNAILS
650 0 4 _aHARDWARE
650 0 4 _aDISEASES
650 0 4 _aMEDICINE
942 _2ddc
_cBK
999 _c15692
_d15692